000 00927nam a2200253Ia 4500
003 OSt
005 20220923215120.0
006 a|||||r|||| 00| 0
007 ta
008 220922b |||||||| |||| 00| 0 hin d
024 _a175,726
037 _cTextual
040 _aARTS
_cARTS
_bhin
041 _2hin
_ahin
082 _aO152,1xN2, N1
100 _aराजपाल, हुकुमचन्द, संपा.
245 0 _aहिन्दी का आधुनिक कविता
_b छायावाद तक)
246 _aHindī kā ādhunik kavitā: chhāyāvād taka)
260 _aनई दिल्ली
_b शारदा प्रकाशन
_c1991
300 _a158 पृ.
_ccm.
650 _aहिन्दी साहित्य
_9156264
942 _hO152,1xN2, N1
_cTEXL
_2CC
999 _c329428
_d329428